000 00401pab a2200145 454500
008 180718b1990 xxu||||| |||| 00| 0 eng d
100 _aWright, John R.
245 _aContributions - lobbying, and committee voting in the U.S. House of Representatives
260 _c1990
300 _a417-38
362 _aJun.
650 _aLobbying
773 _aAmerican Political Science Review
909 _a12918
999 _c12918
_d12918